000 00826nam a2200241Ia 4500
003 OSt
005 20220927105435.0
006 a|||||r|||| 00| 0
007 ta
008 220926b |||||||| |||| 00| 0 eng d
024 _a173053
037 _cReference Collections
040 _aRTL
_cRTL
_beng
041 _2eng
_aeng
082 _a"X71.245.P0<-N99, P"
110 _a"Himachal Pradesh, (Govt. of -), Finance department."
_9372559
245 0 _aExplanatory memorandum on the budget of the Himachal Pradesh for the year 1999-2000.
260 _aShimla
_bGovt. of Himachal Pradesh
_c1999
300 _axlix; 176p.
_ccm.
700 _a"Himachal Pradesh, (Govt. of -), Finance department."
_9372560
942 _h"X71.245.P0<-N99, P"
_cCC
999 _c692578
_d692578